| 000 | 00370nam a22001577a 4500 | ||
|---|---|---|---|
| 999 |
_c522628 _d522628 |
||
| 003 | NUST | ||
| 020 | _a0440569605 | ||
| 038 | _awaseem | ||
| 082 |
_a941.066 _bFRA |
||
| 100 |
_aFraser, Antonia _912684 |
||
| 245 |
_aRoyal Charles / _cAntonia Fraser |
||
| 260 |
_aNew York : _bDell Publishing, _c1979. |
||
| 300 | _a524 p. ; | ||
| 500 | _aPaperback. | ||
| 942 |
_2ddc _cBK |
||